[Event "Server24Chess 2012"]
[Site "St. Ulrich"]
[Date "2012.06.05"]
[Round "4"]
[White "Viviani, A."]
[Black "Van Foreest, Jorden"]
[Result "0-1"]
[WhiteElo "2094"]
[BlackElo "2175"]
[PlyCount "68"]
[EventDate "2012.06.??"]

1. d4 d5 2. c4 c6 3. Nc3 Nf6 4. Nf3 dxc4 5. a4 e6 6. e3 c5 7. Bxc4 Nc6 8. O-O
Be7 9. Qe2 O-O 10. Rd1 cxd4 11. exd4 Nb4 12. Ne5 Bd7 13. Qf3 Bc6 14. Nxc6 bxc6
15. Qe2 Qd7 16. Bf4 Rfd8 17. Be5 a5 18. Ne4 Nxe4 19. Qxe4 Bd6 20. Qe2 Be7 21.
Qe4 Bd6 22. Bd3 Nxd3 23. Rxd3 Rab8 24. Rh3 Bxe5 25. Qxe5 Rxb2 26. Qxa5 Qxd4 27.
Re3 Rdb8 28. Qe1 Rd2 29. Re4 Qb2 30. Rd1 Rbd8 31. Rxd2 Rxd2 32. Rc4 Re2 33. Qc1
Qe5 34. Kf1 Ra2 0-1

[Event "Server24Chess 2012"]
[Site "St. Ulrich"]
[Date "2012.06.05"]
[Round "4"]
[White "De Napoli, G."]
[Black "Van Heirzeele, D."]
[Result "1-0"]
[WhiteElo "2057"]
[BlackElo "2160"]
[PlyCount "61"]
[EventDate "2012.06.??"]

1. d4 Nf6 2. Nf3 b6 3. Bf4 Ba6 4. Nbd2 Nh5 5. Bg5 h6 6. Bh4 g5 7. Bg3 d6 8. e3
Nxg3 9. hxg3 Bxf1 10. Nxf1 Bg7 11. Qd3 Qd7 12. Nxg5 Nc6 13. Nf3 O-O-O 14. O-O-O
f5 15. d5 Ne5 16. Qa6+ Kb8 17. Nd4 c5 18. Ne6 Rdg8 19. Rh5 Bf6 20. Rxf5 h5 21.
Rf4 h4 22. gxh4 Rxg2 23. Ng3 Ng6 24. Ra4 Rxf2 25. h5 Ne5 26. Ne4 Rg2 27. Nxf6
exf6 28. Rf4 Ng4 29. Rf3 Rxh5 30. Nf4 Qh7 31. Nxg2 1-0

[Event "Server24Chess 2012"]
[Site "St. Ulrich"]
[Date "2012.06.05"]
[Round "4"]
[White "Akshat, Chandra"]
[Black "Trefzer, E."]
[Result "1/2-1/2"]
[WhiteElo "2146"]
[BlackElo "2052"]
[PlyCount "76"]
[EventDate "2012.06.??"]

1. e4 e6 2. d4 d5 3. Nd2 dxe4 4. Nxe4 Bd7 5. Nf3 Bc6 6. Bd3 Nd7 7. O-O Ngf6 8.
Ng3 Be7 9. b3 Bxf3 10. Qxf3 c6 11. Bb2 O-O 12. c4 a5 13. a3 Qc7 14. Rfe1 Rfe8
15. Rad1 Rad8 16. Bc2 Nf8 17. Nf1 Ng6 18. g3 Nf8 19. Ne3 Rd7 20. h4 Red8 21.
Kg2 b6 22. Rh1 Qb7 23. g4 Ne8 24. g5 f5 25. Nf1 Bd6 26. Ng3 Bxg3 27. Qxg3 Qc7
28. Qe3 Rf7 29. f4 Nd6 30. h5 b5 31. h6 Ne8 32. hxg7 Nxg7 33. Rh6 Ng6 34. Kg3
e5 35. dxe5 Rxd1 36. Bxd1 Ne6 37. cxb5 cxb5 38. Qc3 Ngxf4 1/2-1/2

[Event "Server24Chess 2012"]
[Site "St. Ulrich"]
[Date "2012.06.05"]
[Round "4"]
[White "Turrin, O."]
[Black "Kottenhoff, Roland"]
[Result "1-0"]
[WhiteElo "2036"]
[BlackElo "2138"]
[PlyCount "127"]
[EventDate "2012.06.??"]

1. c4 Nf6 2. Nc3 g6 3. d4 Bg7 4. Nf3 O-O $2 5. Bg5 h6 6. Bh4 d6 7. e3 Nbd7 8.
Be2 e5 9. Qc2 c6 10. O-O $2 Re8 11. dxe5 dxe5 12. Rfd1 Qc7 13. Rd2 Nf8 14. Rad1
Bf5 15. Qb3 b6 16. h3 N8d7 17. Bxf6 Nxf6 18. g4 Be6 19. g5 e4 20. gxf6 exf3 21.
Bxf3 Bxf6 22. Bg4 h5 23. Bxe6 Rxe6 24. Ne2 Qe5 25. Nf4 Re7 26. Qd3 Qe4 27. Qxe4
Rxe4 28. b3 Be5 29. Ng2 Bc3 30. Rd8+ Rxd8 31. Rxd8+ Kg7 32. Rd7 b5 33. cxb5
cxb5 34. Rxa7 g5 35. Rc7 Bb2 36. Kf1 b4 37. Ke2 Re6 38. Rc2 Be5 39. Rc5 g4 40.
hxg4 hxg4 41. Rc4 Bc3 42. Rxg4+ Kf8 43. Nf4 Ra6 44. Nd3 Rxa2+ 45. Kf3 Ra3 46.
Nxb4 Rxb3 47. Nd5 Bb2 48. Rc4 Rb5 49. Nf4 Ke7 50. Rc7+ Kf8 51. e4 f6 52. Kg4
Rg5+ 53. Kf3 Rb5 54. Ra7 Ke8 55. Nd5 Kf8 56. Kg4 Bd4 57. Ra8+ Kf7 58. f4 Kg6
59. Ra4 Bb2 60. Ra6 Kf7 61. Kf5 Bd4 62. Ra4 Bb2 63. Ra7+ Kf8 64. Kg6 1-0

[Event "Server24Chess 2012"]
[Site "St. Ulrich"]
[Date "2012.06.05"]
[Round "4"]
[White "Schnell, F."]
[Black "Moroder, S."]
[Result "0-1"]
[WhiteElo "1920"]
[BlackElo "2129"]
[PlyCount "62"]
[EventDate "2012.06.??"]

1. d4 Nf6 2. Nf3 g6 3. Bf4 Bg7 4. e3 O-O 5. h3 d6 6. Be2 Nbd7 7. O-O c5 8. c3
b6 9. Nbd2 Bb7 10. Qb3 Qe8 11. a4 e5 12. Bg3 Nh5 13. Bh2 Qe7 14. dxe5 dxe5 15.
Rfd1 e4 16. Ne1 Be5 17. Nf1 Bxh2+ 18. Nxh2 Nhf6 19. Rd2 h5 20. Rad1 Ne5 21. g4
hxg4 22. Nxg4 Nfxg4 23. hxg4 Qg5 24. Ng2 Nf3+ 25. Kf1 Nxd2+ 26. Rxd2 Rad8 27.
Rxd8 Rxd8 28. Bc4 Bd5 29. Nf4 Bxc4+ 30. Qxc4 Qxg4 31. Nd5 Qd1+ 0-1

[Event "Server24Chess 2012"]
[Site "St. Ulrich"]
[Date "2012.06.05"]
[Round "4"]
[White "Roesch, Mario"]
[Black "Lasinskas, P."]
[Result "1-0"]
[WhiteElo "1980"]
[BlackElo "2194"]
[PlyCount "107"]
[EventDate "2012.06.??"]

1. e4 e5 2. Nf3 d6 3. d4 Nd7 4. Bc4 c6 5. Nc3 Be7 6. O-O Ngf6 7. dxe5 dxe5 8.
Nh4 b5 9. Bb3 b4 10. Na4 O-O 11. Nf5 Nb6 12. Qf3 Bxf5 13. Qxf5 Qc7 14. Be3 Nbd7
15. Bc4 Nb6 16. Bb3 Nxa4 17. Bxa4 g6 18. Qf3 c5 19. Rfd1 Rfd8 20. Bg5 Nh5 21.
Bxe7 Qxe7 22. Bc6 Rac8 23. Bd5 Kg7 24. g3 Nf6 25. c4 Ne8 26. a3 Nd6 27. axb4
cxb4 28. Qb3 Rb8 29. Ra4 Nc8 30. Rda1 Rd7 31. Qe3 Rc7 32. b3 Rb6 33. f4 exf4
34. gxf4 Rf6 35. Ra5 g5 36. fxg5 Rg6 37. h4 h6 38. e5 hxg5 39. h5 Rh6 40. Rf1
Qd8 41. Rf5 Rxh5 42. Qf3 Rh7 43. Ra2 Kh8 44. Rf2 g4 45. Qg3 Nb6 46. Rh2 f6 47.
exf6 Nxd5 48. Rxd5 Qe8 49. Rxh7+ Rxh7 50. Rb5 Rh3 51. Qb8 Re3 52. f7 Re1+ 53.
Kg2 Re2+ 54. Kg3 1-0

[Event "Server24Chess 2012"]
[Site "St. Ulrich"]
[Date "2012.06.05"]
[Round "4"]
[White "Van Foreest, Lucas"]
[Black "Villa, G."]
[Result "1-0"]
[WhiteElo "1960"]
[BlackElo "1936"]
[PlyCount "61"]
[EventDate "2012.06.??"]

1. d4 d5 2. c4 c6 3. Nc3 Nf6 4. e3 e6 5. Qc2 Nbd7 6. Nf3 Bd6 7. b3 O-O 8. Bd3
Qe7 9. O-O h6 10. Bb2 e5 11. cxd5 cxd5 12. dxe5 Nxe5 13. Be2 Bg4 14. Nd4 Rac8
15. Bxg4 Nfxg4 16. Nf5 Qg5 17. f4 Qf6 18. fxe5 Qxe5 19. g3 Nxe3 20. Nxe3 Qxe3+
21. Qf2 Rxc3 22. Bxc3 Qxc3 23. Rac1 Qa5 24. Kh1 b6 25. Qd4 Qxa2 26. Qxd5 Bc5
27. Rce1 Qa6 28. Rxf7 Rxf7 29. Re8+ Bf8 30. Rxf8+ Kh7 31. Qe4+ 1-0

[Event "Server24Chess 2012"]
[Site "St. Ulrich"]
[Date "2012.06.06"]
[Round "5"]
[White "Baklan, V."]
[Black "Peralta, Fe"]
[Result "1/2-1/2"]
[WhiteElo "2612"]
[BlackElo "2590"]
[PlyCount "45"]
[EventDate "2012.06.??"]

1. e4 d6 2. g3 g6 3. d4 Bg7 4. Bg2 Nf6 5. Ne2 O-O 6. O-O e5 7. h3 Nc6 8. c3 Re8
9. d5 Ne7 10. c4 Nh5 11. g4 Nf6 12. Ng3 a6 13. Bd2 b5 14. Na3 c6 15. Rc1 Bb7
16. dxc6 Nxc6 17. g5 Nd7 18. cxb5 Nd4 19. Nc4 Nc5 20. Bb4 axb5 21. Nxd6 Qxd6
22. Bxc5 Qd8 23. Bxd4 1/2-1/2

[Event "Server24Chess 2012"]
[Site "St. Ulrich"]
[Date "2012.06.06"]
[Round "5"]
[White "Ernst, S."]
[Black "Manca, F."]
[Result "1-0"]
[WhiteElo "2554"]
[BlackElo "2424"]
[PlyCount "41"]
[EventDate "2012.06.??"]

1. d4 Nf6 2. Nf3 e6 3. g3 c5 4. Bg2 cxd4 5. Nxd4 d5 6. O-O e5 7. Nb3 h6 8. c4
d4 9. e3 d3 10. Nc3 Nc6 11. Nd5 Bf5 12. e4 Nxe4 13. Qxd3 Nd6 14. Qe2 Be7 15.
Rd1 O-O 16. Be3 Bg5 17. Bc5 Re8 18. Ne3 Bxe3 19. Rxd6 Bxc5 20. Rxd8 Raxd8 21.
Bxc6 1-0

[Event "Server24Chess 2012"]
[Site "St. Ulrich"]
[Date "2012.06.06"]
[Round "5"]
[White "Mogranzini, R."]
[Black "Kveinys, A."]
[Result "1/2-1/2"]
[WhiteElo "2461"]
[BlackElo "2512"]
[PlyCount "126"]
[EventDate "2012.06.??"]

1. c4 g6 2. g3 Bg7 3. Bg2 c5 4. Nc3 Nc6 5. Nf3 Nh6 6. h4 d6 7. d3 e5 8. h5 Be6
9. Ng5 Qd7 10. Nge4 Ng8 11. hxg6 hxg6 12. Rxh8 Bxh8 13. Nb5 Kf8 14. Kf1 Bh3 15.
Bd2 a6 16. Nbc3 Rb8 17. Kg1 Bg4 18. Nd5 Nd4 19. f3 Bf5 20. b4 Bg7 21. Rb1 Bxe4
22. dxe4 Nf6 23. bxc5 dxc5 24. Nb6 Qe6 25. Kh2 Kg8 26. Bh3 Qe8 27. a4 Kh7 28.
Kg2 Qc6 29. a5 Bh6 30. Bxh6 Kxh6 31. e3 Ne6 32. Nd5 Nd7 33. Rb2 Kg7 34. Rd2
Ndf8 35. Qa1 Qd6 36. f4 Re8 37. Rd1 Rd8 38. Bg4 Qb8 39. Qb2 Nd7 40. Kf3 Qd6 41.
Kg2 Qb8 42. Rb1 Qd6 43. Qc3 Qc6 44. Rd1 Re8 45. Kf3 Nef8 46. Kg2 Ne6 47. Bf3
Nef8 48. Rb1 Nh7 49. Qa1 Nhf6 50. Nxf6 Kxf6 51. Qb2 Kg7 52. Qxb7 Qa4 53. Rf1
Rb8 54. Qd5 Rb2+ 55. Rf2 Qa2 56. Rxb2 Qxb2+ 57. Kh3 Nf6 58. Qxc5 Qf2 59. Bg2
Nh5 60. Qxe5+ f6 61. Qe7+ Kh6 62. Qf8+ Kh7 63. Qe7+ Kh6 1/2-1/2

[Event "Server24Chess 2012"]
[Site "St. Ulrich"]
[Date "2012.06.06"]
[Round "5"]
[White "Solomon, K."]
[Black "Gleizerov, E."]
[Result "1/2-1/2"]
[WhiteElo "2429"]
[BlackElo "2570"]
[PlyCount "58"]
[EventDate "2012.06.??"]

1. Nf3 e6 2. c4 f5 3. g3 Nf6 4. Bg2 Be7 5. O-O O-O 6. Nc3 c6 7. d3 d6 8. b4 e5
9. Rb1 Kh8 10. b5 c5 11. Ne1 Nbd7 12. a4 Rb8 13. Nc2 Qe8 14. Ne3 f4 15. Nf5 Ng8
16. Nxe7 Nxe7 17. e3 Ng6 18. Ne4 Qe7 19. Bb2 fxe3 20. fxe3 Nf6 21. Nd2 Bg4 22.
Qe1 Qd7 23. Rf2 Bh3 24. Bxh3 Qxh3 25. Qe2 a6 26. Rbf1 axb5 27. axb5 h6 28. Rf3
Ra8 29. Nb1 Qe6 1/2-1/2

[Event "Server24Chess 2012"]
[Site "St. Ulrich"]
[Date "2012.06.06"]
[Round "5"]
[White "Bruno, Fabi"]
[Black "Petkov, V."]
[Result "0-1"]
[WhiteElo "2447"]
[BlackElo "2512"]
[PlyCount "108"]
[EventDate "2012.06.??"]

1. d4 Nf6 2. Nf3 e6 3. e3 b6 4. Bd3 Bb7 5. O-O Be7 6. c4 O-O 7. Nc3 d6 8. e4
Nbd7 9. Re1 e5 10. d5 Ne8 11. b4 a5 12. Ba3 axb4 13. Bxb4 Nc5 14. a4 Na6 15.
Ba3 Bc8 16. Nd2 Bg5 17. Nb3 Nc5 18. Bb4 Qf6 19. a5 Qh6 20. Nb5 Bd7 21. Nxc5
bxc5 22. Bc3 Bc8 23. Ra2 g6 24. g3 Bh3 25. Bf1 f5 26. exf5 Rxf5 27. Qe2 Rf7 28.
a6 Ng7 29. a7 Bxf1 30. Rxf1 Nf5 31. Qg4 Bf6 32. Qe4 Qf8 33. Kg2 Qc8 34. f4 Re7
35. fxe5 Bxe5 36. Re2 Bxc3 37. Qxe7 Nxe7 38. Rxe7 Be5 39. Rxc7 Qg4 40. Rcf7
Qxc4 41. Rf8+ Rxf8 42. Rxf8+ Kxf8 43. a8=Q+ Kg7 44. Qb7+ Kh6 45. Qf7 Qe4+ 46.
Kh3 c4 47. Qf8+ Kh5 48. Nxd6 Qg4+ 49. Kg2 Qe2+ 50. Kh1 Qd1+ 51. Kg2 Qxd5+ 52.
Kh3 Qe6+ 53. Kg2 Bxd6 54. Qf3+ Kh6 0-1

[Event "Server24Chess 2012"]
[Site "St. Ulrich"]
[Date "2012.06.06"]
[Round "5"]
[White "Saravanan, V1."]
[Black "Romanishin, O."]
[Result "1/2-1/2"]
[WhiteElo "2401"]
[BlackElo "2511"]
[PlyCount "63"]
[EventDate "2012.06.??"]

1. Nf3 Nf6 2. c4 e6 3. Nc3 Bb4 4. Qc2 c5 5. a3 Ba5 6. g3 Nc6 7. Bg2 O-O 8. O-O
d6 9. d3 e5 10. Bg5 h6 11. Bxf6 Qxf6 12. Nd5 Qd8 13. e3 Ne7 14. Nd2 Nxd5 15.
Bxd5 Bxd2 16. Qxd2 Be6 17. Bxb7 Rb8 18. Bg2 Rb3 19. f4 exf4 20. Rxf4 Qb6 21.
Rf2 Rb8 22. Ra2 Qd8 23. Ra1 d5 24. cxd5 Bxd5 25. Bxd5 Qxd5 26. Rd1 Qe6 27. Qc1
Qd5 28. d4 c4 29. e4 Qxe4 30. Qxc4 Rxb2 31. Qxf7+ Kh7 32. Qf5+ 1/2-1/2

[Event "Server24Chess 2012"]
[Site "St. Ulrich"]
[Date "2012.06.06"]
[Round "5"]
[White "Thorsteinsson, T."]
[Black "Baron, Ta"]
[Result "1/2-1/2"]
[WhiteElo "2248"]
[BlackElo "2467"]
[PlyCount "52"]
[EventDate "2012.06.??"]

1. d4 Nf6 2. c4 g6 3. Nc3 d5 4. Bf4 Bg7 5. e3 O-O 6. cxd5 Nxd5 7. Nxd5 Qxd5 8.
Bxc7 Na6 9. Bxa6 Qxg2 10. Qf3 Qxf3 11. Nxf3 bxa6 12. Rc1 f6 13. Rg1 Rf7 14. Ke2
Bd7 15. d5 e5 16. d6 Bb5+ 17. Ke1 Bf8 18. Nd2 Rc8 19. Rc3 f5 20. Nb3 e4 21. Nd4
Rd7 22. Nxf5 Kf7 23. Nd4 Bxd6 24. Bxd6 Rxc3 25. bxc3 Rxd6 26. Rg5 Bd3 1/2-1/2

[Event "Server24Chess 2012"]
[Site "St. Ulrich"]
[Date "2012.06.06"]
[Round "5"]
[White "Borgo, G."]
[Black "Schaefer, Mi1"]
[Result "0-1"]
[WhiteElo "2395"]
[BlackElo "2179"]
[PlyCount "74"]
[EventDate "2012.06.??"]

1. e4 c5 2. Nf3 g6 3. c4 Bg7 4. d4 Nc6 5. dxc5 Qa5+ 6. Bd2 Qxc5 7. Nc3 Nf6 8.
Be2 Qb6 9. b3 d6 10. h3 O-O 11. O-O Be6 12. Rc1 Rfc8 13. Re1 Nd7 14. Bf1 Nc5
15. Nd5 Qd8 16. b4 Nd7 17. Nf4 Nf8 18. Ng5 Bd7 19. Nd3 a5 20. a3 axb4 21. axb4
Nd4 22. e5 Ba4 23. Qg4 Nb3 24. exd6 exd6 25. Rcd1 Nxd2 26. Rxd2 Bc3 27. Qf4 Rc7
28. c5 Bxd2 29. Qxd2 dxc5 30. bxc5 Bb5 31. Ne4 Bxd3 32. Bxd3 Qd4 33. Qf4 Rc6
34. Bc4 Ne6 35. Qh4 Kg7 36. Bxe6 Rxe6 37. Re3 Ra4 0-1

[Event "Server24Chess 2012"]
[Site "St. Ulrich"]
[Date "2012.06.06"]
[Round "5"]
[White "Van Foreest, Jorden"]
[Black "Friedrich, N."]
[Result "1/2-1/2"]
[WhiteElo "2175"]
[BlackElo "2309"]
[PlyCount "109"]
[EventDate "2012.06.??"]

1. d4 d5 2. c4 c6 3. Nf3 Nf6 4. Nc3 e6 5. Bg5 Nbd7 6. e3 Qa5 7. cxd5 Nxd5 8.
Qd2 N7b6 9. Bd3 Na4 10. Nxd5 Qxd2+ 11. Kxd2 exd5 12. Rab1 Bd6 13. b4 O-O 14. b5
c5 15. Bc2 Nb6 16. dxc5 Bxc5 17. Ke2 Bg4 18. Rhd1 Rac8 19. Bb3 Ba3 20. Rd4 Bf5
21. Rbd1 h6 22. Bh4 g5 23. Bg3 Bb2 24. R4d2 Bc3 25. Rxd5 Nxd5 26. Bxd5 Bc2 27.
Rh1 Ba4 28. Rb1 Rc5 29. e4 Bxb5+ 30. Ke3 a6 31. a4 Bc6 32. Bd6 Rxd5 33. exd5
Bxd5 34. Bxf8 Kxf8 35. g3 Ke7 36. Nd4 Kd7 37. Rd1 Ba5 38. Nf5 Bb6+ 39. Ke2 Ke6
40. Nxh6 Bc4+ 41. Kf3 f5 42. h4 gxh4 43. gxh4 Bb3 44. Rb1 Bd5+ 45. Kf4 Bc7+ 46.
Kg5 Bd8+ 47. Kg6 Be4 48. Re1 Bxh4 49. Nxf5 Kd5 50. Rxe4 Kxe4 51. Nxh4 b5 52.
axb5 axb5 53. Nf5 Kf3 54. Nd4+ Kxf2 55. Nxb5 1/2-1/2

[Event "Server24Chess 2012"]
[Site "St. Ulrich"]
[Date "2012.06.06"]
[Round "5"]
[White "Dittmar, P."]
[Black "Zier, O."]
[Result "1-0"]
[WhiteElo "2297"]
[BlackElo "2121"]
[PlyCount "123"]
[EventDate "2012.06.??"]

1. d4 d5 2. Bg5 h6 3. Bh4 c6 4. e3 Qb6 5. b3 e5 6. Nf3 e4 7. Nfd2 Be7 8. Bxe7
Nxe7 9. c4 O-O 10. Nc3 Be6 11. Be2 Nd7 12. O-O f5 13. c5 Qc7 14. f4 b5 15. cxb6
axb6 16. b4 g5 17. g3 Kh7 18. Nb3 gxf4 19. gxf4 Rg8+ 20. Kh1 Rg7 21. Rg1 Rag8
22. Qd2 Nf6 23. Rxg7+ Rxg7 24. Rg1 Ng4 25. Rg3 Nc8 26. Qe1 Qe7 27. h3 Qh4 28.
Kg1 Qxg3+ 29. Qxg3 Nxe3 30. Bg4 Nxg4 31. Kf1 Ne5 32. Qh4 Nd3 33. Qf6 Nxf4 34.
Qe5 Nxh3 35. Ne2 Bd7 36. b5 Ne7 37. bxc6 Bxc6 38. Ng3 Bb5+ 39. Ke1 Ng1 40. Nd2
Nf3+ 41. Nxf3 exf3 42. Nh5 Rg1+ 43. Kf2 Rf1+ 44. Kg3 f4+ 45. Nxf4 Ng6 46. Qc7+
Kg8 47. Qd8+ Kh7 48. Qc7+ Kg8 49. Nh5 Rg1+ 50. Kxf3 Nh4+ 51. Ke3 Nf5+ 52. Kd2
Nxd4 53. Nf6+ Kf8 54. Qd6+ Kg7 55. Nh5+ Kh7 56. Qxd5 Rg5 57. Qf7+ Kh8 58. Nf6
Rg2+ 59. Kc3 Rc2+ 60. Kxd4 Rc4+ 61. Ke3 Rc3+ 62. Ke4 1-0

[Event "Server24Chess 2012"]
[Site "St. Ulrich"]
[Date "2012.06.06"]
[Round "5"]
[White "Moroder, S."]
[Black "Molina, Fa"]
[Result "1/2-1/2"]
[WhiteElo "2129"]
[BlackElo "2269"]
[PlyCount "73"]
[EventDate "2012.06.??"]

1. e4 g6 2. d4 Bg7 3. Nf3 d6 4. Nc3 Nf6 5. Be3 O-O 6. Bd3 c6 7. h3 b5 8. Qd2
Re8 9. O-O e5 10. dxe5 dxe5 11. a4 b4 12. Ne2 Qe7 13. Rfd1 a5 14. Ng3 Rd8 15.
Qe2 Nbd7 16. Bc4 h6 17. Rd3 Re8 18. Rad1 Nc5 19. Bxc5 Qxc5 20. Rd6 Ra7 21. Nh4
Kh7 22. Bb3 Rae7 23. Qc4 Qxc4 24. Bxc4 Rc7 25. Nf3 Ng8 26. Rd8 Rxd8 27. Rxd8
Bf6 28. Rd3 Kg7 29. Nd2 Rd7 30. Ne2 Bd8 31. Nc1 Nf6 32. Ncb3 Bb6 33. Rxd7 Bxd7
34. Bd3 Be6 35. Bc4 Bd7 36. Bd3 Be6 37. Bc4 1/2-1/2

[Event "Server24Chess 2012"]
[Site "St. Ulrich"]
[Date "2012.06.06"]
[Round "5"]
[White "De Napoli, G."]
[Black "Curien, N."]
[Result "1/2-1/2"]
[WhiteElo "2057"]
[BlackElo "2235"]
[PlyCount "59"]
[EventDate "2012.06.??"]

1. d4 d5 2. Bf4 c5 3. e3 Nc6 4. c3 Nf6 5. Nd2 Bf5 6. Qb3 Qd7 7. Ngf3 c4 8. Qd1
h6 9. h3 e6 10. Be2 Be7 11. O-O $2 O-O $2 12. b3 cxb3 13. axb3 a6 14. b4 b5 15.
Nb3 Ne4 16. Qc1 Rfc8 17. Nc5 Nxc5 18. bxc5 f6 19. Qb2 e5 20. Bg3 Bd8 21. dxe5
fxe5 22. Nxe5 Nxe5 23. Bxe5 Rxc5 24. Rfd1 Qe6 25. Bd4 Rcc8 26. Bf3 Be4 27. Bg4
Bf5 28. Bf3 Be4 29. Bg4 Bf5 30. Bf3 1/2-1/2

[Event "Server24Chess 2012"]
[Site "St. Ulrich"]
[Date "2012.06.06"]
[Round "5"]
[White "Zucchelli, M."]
[Black "Battistella, S."]
[Result "1/2-1/2"]
[WhiteElo "2169"]
[BlackElo "2104"]
[PlyCount "54"]
[EventDate "2012.06.??"]

1. d4 d5 2. c4 c6 3. Nf3 Nf6 4. e3 Bf5 5. Nc3 a6 6. Bd2 e6 7. Nh4 Be4 8. f3 Bg6
9. g3 Nbd7 10. Nxg6 hxg6 11. c5 Nh5 12. Bg2 e5 13. b4 exd4 14. exd4 Be7 15. O-O
O-O 16. g4 Nhf6 17. Bf4 Ne8 18. Qd2 g5 19. Bg3 Nc7 20. Rfe1 Ne6 21. Ne2 Bf6 22.
Rab1 Re8 23. Bf1 Ndf8 24. Bf2 Ng6 25. Ng3 Nh4 26. Rb3 Qd7 27. Ne2 Ng6 1/2-1/2

[Event "Server24Chess 2012"]
[Site "St. Ulrich"]
[Date "2012.06.06"]
[Round "5"]
[White "Trefzer, E."]
[Black "Van Heirzeele, D."]
[Result "1/2-1/2"]
[WhiteElo "2052"]
[BlackElo "2160"]
[PlyCount "30"]
[EventDate "2012.06.??"]

1. e4 c5 2. Nc3 d6 3. f4 g6 4. Nf3 Bg7 5. Bb5+ Bd7 6. Bxd7+ Qxd7 7. O-O Nc6 8.
d3 Nh6 9. Qe2 Nd4 10. Nxd4 cxd4 11. Nd1 f5 12. c3 dxc3 13. Nxc3 O-O 14. Bd2 b5
15. Rfc1 Rfc8 1/2-1/2

[Event "Server24Chess 2012"]
[Site "St. Ulrich"]
[Date "2012.06.06"]
[Round "5"]
[White "Kottenhoff, Roland"]
[Black "Giuriato, S."]
[Result "1/2-1/2"]
[WhiteElo "2138"]
[BlackElo "1994"]
[PlyCount "51"]
[EventDate "2012.06.??"]

1. e4 Nc6 2. d4 d5 3. exd5 Qxd5 4. Nf3 e5 5. Nc3 Bb4 6. Bd2 Bxc3 7. Bxc3 e4 8.
Ne5 Nxe5 9. dxe5 Ne7 10. Be2 Be6 11. O-O Qxd1 12. Raxd1 Nd5 13. Bd2 O-O 14. c4
Nb6 15. b3 Rfe8 16. f4 exf3 17. Bxf3 c6 18. Bc3 Rac8 19. a4 Nd7 20. Bd4 a6 21.
a5 Rc7 22. Rf2 Nf8 23. h4 Rd7 24. Rfd2 Red8 25. h5 h6 26. Bc3 1/2-1/2

[Event "Server24Chess 2012"]
[Site "St. Ulrich"]
[Date "2012.06.06"]
[Round "5"]
[White "Simeone, G."]
[Black "Viviani, A."]
[Result "1-0"]
[WhiteElo "1972"]
[BlackElo "2094"]
[PlyCount "95"]
[EventDate "2012.06.??"]

1. c4 e5 2. Nc3 Nf6 3. Nf3 Nc6 4. e3 Bb4 5. Qc2 O-O 6. Nd5 d6 7. Nxb4 Nxb4 8.
Qc3 a5 9. d3 Bg4 10. e4 Bxf3 11. gxf3 Nh5 12. Rg1 Qf6 13. Bg5 Qxf3 14. Be2 Qh3
15. Kd2 f5 16. d4 Qxh2 17. Rh1 Qxf2 18. Be3 Ng3 19. Bxf2 Nxe4+ 20. Kd1 Nxc3+
21. bxc3 Nc6 22. Rb1 b6 23. c5 bxc5 24. Bc4+ Kh8 25. dxc5 Rab8 26. Ke2 h6 27.
a4 Kh7 28. Bb5 Ne7 29. Bh4 Nd5 30. Be1 c6 31. Bd3 Nf4+ 32. Kd2 d5 33. Bxf5+ g6
34. Rxb8 Rxb8 35. Bd7 Rd8 36. Bxc6 Rc8 37. Bb5 Rxc5 38. Kd1 g5 39. c4 dxc4 40.
Bxa5 g4 41. Bb6 Rd5+ 42. Kc2 g3 43. Bxc4 Rd6 44. a5 h5 45. Be3 g2 46. Rg1 Rc6
47. Kb3 Rg6 48. a6 1-0

[Event "Server24Chess 2012"]
[Site "St. Ulrich"]
[Date "2012.06.06"]
[Round "5"]
[White "Waldner, M."]
[Black "Schnell, F."]
[Result "1-0"]
[WhiteElo "2068"]
[BlackElo "1920"]
[PlyCount "81"]
[EventDate "2012.06.??"]

1. d4 d5 2. c4 Bf5 3. Nc3 e6 4. cxd5 exd5 5. Bf4 c6 6. e3 Nf6 7. Bd3 Bxd3 8.
Qxd3 Bb4 9. Nge2 O-O 10. h3 Nbd7 11. O-O Re8 12. a3 Bf8 13. Rad1 Qb6 14. Rb1
Rac8 15. b4 a6 16. Na4 Qb5 17. Qc2 Ne4 18. f3 Nd2 19. Nac3 Nxf1 20. Nxb5 Nxe3
21. Bxe3 Rxe3 22. Nbc3 Rce8 23. a4 Nb6 24. b5 Nc4 25. Qa2 axb5 26. axb5 g6 27.
bxc6 bxc6 28. Qa7 Bg7 29. Rb8 R3e7 30. Rxe8+ Rxe8 31. Qd7 Re6 32. Qc8+ Bf8 33.
Nf4 Re1+ 34. Kf2 Rc1 35. Nce2 Rc2 36. Qxc6 Ne3 37. Qe8 Nf5 38. Kg1 Kg7 39. Nxd5
Rd2 40. Qe5+ Kh6 41. Qf4+ 1-0

[Event "Server24Chess 2012"]
[Site "St. Ulrich"]
[Date "2012.06.06"]
[Round "5"]
[White "Lasinskas, P."]
[Black "Rubini, A."]
[Result "0-1"]
[WhiteElo "2194"]
[BlackElo "1926"]
[PlyCount "80"]
[EventDate "2012.06.??"]

1. d4 Nf6 2. c4 c5 3. d5 e6 4. Nc3 exd5 5. cxd5 d6 6. e4 g6 7. Bd3 Bg7 8. h3
O-O 9. Nf3 Re8 10. O-O a6 11. a4 Nbd7 12. Bf4 Qc7 13. Rc1 Nh5 14. Be3 Rb8 15.
b4 b6 16. g4 Nhf6 17. Qd2 Ne5 18. Nxe5 Rxe5 19. a5 b5 20. f4 Re8 21. bxc5 dxc5
22. e5 Nd7 23. Ne4 c4 24. Nd6 Rf8 25. Bxc4 bxc4 26. Rxc4 Qd8 27. Rfc1 Bb7 28.
g5 Bxe5 29. Ne4 Bg7 30. Bd4 Bxd4+ 31. Qxd4 Qxa5 32. Rc7 Qxd5 33. Qxd5 Bxd5 34.
Nf2 Rfd8 35. Ng4 Be6 36. Nh6+ Kg7 37. h4 Nb6 38. Ra7 Ra8 39. Rb7 Rdb8 40. Re7
Nd5 0-1

[Event "Server24Chess 2012"]
[Site "St. Ulrich"]
[Date "2012.06.06"]
[Round "5"]
[White "Blaeser, R."]
[Black "Villa, G."]
[Result "0-1"]
[WhiteElo "1991"]
[BlackElo "1936"]
[PlyCount "64"]
[EventDate "2012.06.??"]

1. d4 d5 2. Bf4 Nf6 3. c3 c6 4. Nf3 Bf5 5. Nbd2 e6 6. Nh4 Bg6 7. Nxg6 hxg6 8.
Qb3 Qb6 9. a4 Nbd7 10. a5 Qxb3 11. Nxb3 Nh5 12. Bd2 Bd6 13. g3 Nhf6 14. Bg2 Ke7
15. Bg5 b6 16. e4 dxe4 17. Bxe4 Rac8 18. axb6 axb6 19. O-O Rh5 20. h4 Rxg5 21.
Bxc6 Rh5 22. Bf3 Rhh8 23. Rfe1 Rhd8 24. d5 e5 25. Nd4 Kf8 26. Nc6 Re8 27. c4
Nb8 28. Ra8 Nxc6 29. Rxc8 Rxc8 30. dxc6 e4 31. Bxe4 Nxe4 32. Rxe4 Rxc6 0-1

[Event "Server24Chess 2012"]
[Site "St. Ulrich"]
[Date "2012.06.07"]
[Round "6"]
[White "Baklan, V."]
[Black "Ernst, S."]
[Result "1/2-1/2"]
[WhiteElo "2612"]
[BlackElo "2554"]
[PlyCount "129"]
[EventDate "2012.06.??"]

1. e4 e5 2. Nf3 Nc6 3. Bb5 a6 4. Ba4 Nf6 5. O-O Nxe4 6. d4 b5 7. Bb3 d5 8. dxe5
Be6 9. Qe2 Be7 10. Rd1 O-O 11. c4 bxc4 12. Bxc4 Bc5 13. Be3 Bxe3 14. Qxe3 Qb8
15. Bb3 Na5 16. Nbd2 Qa7 17. Nxe4 Qxe3 18. fxe3 Nxb3 19. axb3 dxe4 20. Nd4 Rfb8
21. Rdc1 Bxb3 22. Rxc7 Be6 23. Nxe6 fxe6 24. Rd1 Rd8 25. Rd6 Rxd6 26. exd6 Rd8
27. Rc6 a5 28. Ra6 Kf7 29. h4 e5 30. Rxa5 Rxd6 31. Rxe5 Rb6 32. Rxe4 Rxb2 33.
Kh2 Rb5 34. Kg3 Kf6 35. Rf4+ Ke6 36. Kf3 g5 37. Ra4 gxh4 38. Rxh4 h5 39. Rf4
Rb8 40. g3 Ra8 41. Kg2 Ra3 42. Kf3 Ra8 43. Rb4 Ra5 44. Rb6+ Kf5 45. Rb8 Ra3 46.
Rb5+ Kg6 47. Kf4 Ra1 48. Rb6+ Kf7 49. Rh6 Rf1+ 50. Ke4 Rh1 51. Kf3 Rh2 52. Kf4
Rf2+ 53. Ke4 Rg2 54. Kf3 Rh2 55. Kf4 Rf2+ 56. Ke5 Rf3 57. e4 Rxg3 58. Rxh5 Rg6
59. Rh7+ Ke8 60. Kf5 Ra6 61. e5 Rb6 62. Ra7 Rc6 63. Ke4 Rh6 64. Kd5 Rg6 65. e6
1/2-1/2